| 000 | 00517nam a2200181Ia 4500 | ||
|---|---|---|---|
| 001 | 22425 | ||
| 005 | 20260414150830.0 | ||
| 008 | 260414t2003||||xx |||||||||||||| ||spa|| | ||
| 041 | _aESP | ||
| 082 |
_a621.381 _bS21 |
||
| 100 |
_aSan José Revuelta, Luis Miguel _eAUT |
||
| 245 | 0 |
_aIntroducción al diseño de circuitos eléctronicos selectivos en frecuencia : _b(analógicos y digitales) |
|
| 260 | _c2003 | ||
| 300 |
_a361 páginas : _c24 cm. |
||
| 650 | _aTCA | ||
| 654 | _aCET | ||
| 942 |
_cLIB _dJUS _fJUS _2ddc _n |
||
| 999 |
_c22425 _d22425 |
||